What I Think of European Countries - Map Quiz - Statistics

General Stats
  • This quiz has been taken 46 times
  • The average score is 15 of 45
Answers on the Map
Answers color-coded by a green-red scale on the quiz's map according to % correct below.
 
Answer Stats
Answer % Correct
Buckingham Palace and where Queen Elizabeth II sadly and unfortunately died
79%
PIZZA!🍕
79%
Baguette!
71%
Espanol
71%
Dracula🧛
67%
Got bullied so bad by Greece, they had to change their name to put North in it!
63%
If Russia had a little comrade.
63%
Legoland...!
63%
Mozart is here????
58%
Ya Hungry?
54%
brat+Yugoslavia=This country's capital
50%
Bro really thought he could defeat Russia💀
50%
We don't talk about what they did in WWII...
50%
where did my Van Gogh???
50%
WHY IS THIS SO BIG????????????????????
50%
the worlds oldest republic despite being really small.
46%
It is just one city and they still call this a country
42%
Two Headed bird as a flag, wow.....
42%
Very bold of putting your country in your flag
42%
Checkered Flag!
38%
Has like the shortest coastline...
38%
Why is there a crown?
33%
Copycat of Austria's flag, but I still like it
29%
SUI!!!!!!!!!!!!!!!!!!!!!!!!
29%
Did they invent Nail Polishers here?????????
25%
that blue is a bit brighter than the Netherlands flag
25%
That thing in the middle of their kinda looks like Barcelona's soccer logo.
25%
Was the cheese named after this? Or was the country named after the cheese?🤔
25%
Mojang!
21%
Sounds racist
21%
Bruh... this capital sounds like a legitimate person.
17%
Quizmaster really hates this one
17%
I like how they added a cow on the flag
13%
Inverted Norway
13%
Red Houses (Majority of them)
13%
This one is for Gade!
13%
A square flag that is not like most flags.
8%
Checkmate!
8%
Fancy version of Albania's Flag.
8%
flag looks like a Blue Jay ngl
8%
Has a lot of beekeepers, I mean A LOT of them.
8%
I guess I'm gonna be lucky today! (totally not mentioning a certain JetPunk player)
8%
Uh Oh! Sharks could be near...
8%
Africa Jr.
4%
Did very well on hiding a dragon on their flag (If they have one)
4%
No matching quizzes found
Score Distribution
Percent of People with Each Score
Percentile by Number Answered
Your Score History
You have not taken this quiz